Path to liberation from known to unknown (Record no. 1229870)

MARC details
000 -LEADER
fixed length control field 00633nam a2200217Ia 4500
005 - DATE AND TIME OF LATEST TRANSACTION
control field 20241129111318.0
008 - FIXED-LENGTH DATA ELEMENTS--GENERAL INFORMATION
fixed length control field 241129s9999||||xx |||||||||||||| ||und||
020 ## - INTERNATIONAL STANDARD BOOK NUMBER
International Standard Book Number 978-81-19196-84-5
037 ## - SOURCE OF ACQUISITION
Stock number TB
040 ## - CATALOGING SOURCE
Original cataloging agency CRL
Language of cataloging eng
Transcribing agency CRL
041 ## - LANGUAGE CODE
Language code of text/sound track or separate title eng
Source of code eng
084 ## - COLON CLASSIFICATION NUMBER
Classification number O111,1:g R3
Assigning agency CRL
100 ## - MAIN ENTRY--PERSONAL NAME
Personal name Joshi Prakash Au.
245 #0 - TITLE STATEMENT
Title Path to liberation from known to unknown
Statement of responsibility, etc. Joshi Prakash Au.
260 ## - PUBLICATION, DISTRIBUTION, ETC.
Place of publication, distribution, etc. Delhi, India
Name of publisher, distributor, etc. Motilal Banarsidass International
Date of publication, distribution, etc. 2023
300 ## - PHYSICAL DESCRIPTION
Extent 232p.
365 ## - TRADE PRICE
Price type code INR
Price amount 595
650 ## - SUBJECT ADDED ENTRY--TOPICAL TERM
Topical term or geographic name entry element English LiteraturePoetry
9 (RLIN) 726219
942 ## - ADDED ENTRY ELEMENTS (KOHA)
Koha item type Textbook
Classification part O111,1:g R3
Holdings
Withdrawn status Lost status Damaged status Not for loan Home library Current library Date acquired Source of acquisition Cost, normal purchase price Inventory number Total Checkouts Full call number Barcode Date last seen Price effective from Koha item type
        Central Library Central Library 2024-11-29 Eastern Book Linkers 595.00 204 & 24/01/2024   O111,1:g R3 CL1680673 2024-11-29 2024-11-29 Textbook
Copyright @ Delhi University Library System